| 000 | 01475cam a2200373 a 4500 | ||
|---|---|---|---|
| 001 | 16579296 | ||
| 003 | OSt | ||
| 005 | 20150408113957.0 | ||
| 008 | 111213s2010 enkab b 001 m eng d | ||
| 010 | _a 2010549365 | ||
| 015 |
_aGBB062215 _2bnb |
||
| 016 | 7 |
_a015556278 _2Uk |
|
| 020 | _a9780192827630 (pbk.) | ||
| 020 | _a0192827634 (pbk.) | ||
| 035 | _a(OCoLC)ocn610828587 | ||
| 040 |
_aUKM _cUKM _dBTCTA _dYDXCP _dCDX _dSGB _dEYM _dDLC |
||
| 042 | _alccopycat | ||
| 050 | 0 | 0 |
_aPR1143 _b.T35 2010 |
| 082 | 0 | 4 |
_a828.808 T A G _222 |
| 245 | 0 | 0 |
_aTales of Glass Town, Angria, and Gondal : _bselected writings / _cThe Brontës ; edited with introduction and notes by Christine Alexander. |
| 260 |
_aOxford ; _aNew York : _bOxford University Press, _c2010. |
||
| 300 |
_alvi, 620 p. : _bill., map ; _c20 cm. |
||
| 490 | 1 | _aOxford world's classics | |
| 504 | _aIncludes bibliographical references (p. [xlix]-lii) and index. | ||
| 650 | 0 |
_aEnglish literature _y19th century. |
|
| 700 | 1 | 2 |
_aBrontë, Charlotte, _d1816-1855. _tSelections. _f2010. _98033 |
| 700 | 1 | 2 |
_aBrontë, Emily, _d1818-1848. _tSelections. _f2010. _98034 |
| 700 | 1 | 2 |
_aBrontë, Anne, _d1820-1849. _tSelections. _f2010. _98035 |
| 700 | 1 |
_aAlexander, Christine _q(Christine Anne) _98036 |
|
| 830 | 0 |
_aOxford world's classics (Oxford University Press) _96792 |
|
| 906 |
_a7 _bcbc _ccopycat _d2 _encip _f20 _gy-gencatlg |
||
| 942 |
_2ddc _cDVD |
||
| 999 |
_c19620 _d254120 |
||